000 00597nam a22002057a 4500
003 UA-OsUOA
001 37503
007 ta
008 20060328b un ||||| |||| 00| 0 ukr d
090 _a34
_bП11
942 _cSA
040 _aUA-OsUOA
_bukr
_cUA-OsUOA
_dUA-OsUOA
245 _aПро внесення змін до Митного кодексу України/ Закон України від 7 лютого 2006 року № 3397-ІV
300 _aС.26-27
955 _a0
041 _aukr
080 _a34
773 0 _w37502
650 7 _a34 Право. Юриспруденція
_2UDC
999 _c323687
_d323687